Sports Quiz

Random Sports or NFL Quiz

2010 NFL Fantasy Points Quiz Stats

 Plays Quiz not verified by Sporcle

Score 0/10 Timer 03:00
0 Plays Today
Player % Correct
Peyton Manning
93.9%
Adrian Peterson
83.2%
Arian Foster
79.9%
Philip Rivers
79.3%
Michael Vick
77.7%
Tom Brady
77.1%
Drew Brees
73.2%
Aaron Rodgers
65.9%
Kyle Orton
44.1%
Matt Ryan
36.3%

You're not logged in!

Compare scores with friends on all Sporcle quizzes.
OR
Log In

Show Comments

Extras

Top Quizzes Today


Score Distribution

Your Account Isn't Verified!

In order to create a playlist on Sporcle, you need to verify the email address you used during registration. Go to your Sporcle Settings to finish the process.

Report this User

Report this user for behavior that violates our Community Guidelines.

Details: